| 000 | 00000nam##2200000za#4500 |
| 001 | 9.641197 |
| 003 | CaOODSP |
| 005 | 20250403105356 |
| 007 | cr ||||||||||| |
| 008 | 150407|1992||||xxc|||||o f|0| 0 fre|d |
| 040 | |aCaOODSP|bfre |
| 043 | |an-cn--- |
| 086 | 1 |aCS92-F0059/1992F-PDF |
| 245 | 00|aGuide de l'utilisateur - secteurs de dénombrement |h[ressource électronique] |
| 246 | 1 |iDeuxième titre de série imprimé sur la couverture : |aSérie de cartes de référence |
| 260 | |aOttawa - Ontario : |bStatistique Canada |c1992. |
| 500 | |aPublication du recensement historique numérisé par Statistique Canada. |
| 590 | |a13-04-Supp|b2013-02-13 |
| 691 | 07|aCarte|2gcpds |
| 691 | 07|aRecensement|2gcpds |
| 710 | 2 |aStatistique Canada. |
| 775 | 08|tUser guide - enumeration areas |w(CaOODSP)9.697129 |
| 856 | 40|ahttp://publications.gc.ca|qPDF|s3427 Ko|uhttps://publications.gc.ca/collections/collection_2013/statcan/rh-hc/CS92-F0059-1992-fra.pdf |